书目信息 |
| 题名: |
基础工程
|
|
| 作者: | 刘丽萍 , 翟聚云 主编 | |
| 分册: | ||
| 出版信息: | 北京 中国电力出版社 2016.07 |
|
| 页数: | 259页 | |
| 开本: | 26cm | |
| 丛书名: | ||
| 单 册: | ||
| 中图分类: | TU47 | |
| 科图分类: | ||
| 主题词: | 基础 (工程)--ji chu ( gong cheng )--高等教育--教材 | |
| 电子资源: | ||
| ISBN: | 978-7-5123-9211-3 | |
| 000 | 01315nam 2200313 450 | |
| 001 | 2258517200 | |
| 005 | 20220526153303.06 | |
| 010 | @a978-7-5123-9211-3@dCNY48.00 | |
| 100 | @a20170904d2016 em y0chiy50 ea | |
| 101 | 0 | @achi |
| 102 | @aCN@b110000 | |
| 105 | @aa a 000yy | |
| 200 | 1 | @a基础工程@Aji chu gong cheng@f刘丽萍, 翟聚云主编@FLiu Li Ping,Zhai Ju Yun Zhu Bian |
| 205 | @a2版 | |
| 210 | @a北京@c中国电力出版社@d2016.07 | |
| 215 | @a259页@c图@d26cm | |
| 225 | 2 | @Apu tong gao deng jiao yu “ shi yi wu ” guo jia ji gui hua jiao cai |
| 225 | 2 | @a“十三五”普通高等教育本科规划教材@A“ shi san wu ” pu tong gao deng jiao yu ben ke gui hua jiao cai |
| 300 | @a普通高等教育"十一五"国家级规划教材 | |
| 320 | @a有书目 (第259-260页) | |
| 330 | @a本书共7章, 主要内容包括岩土工程勘察、天然地基上的浅基础设计原理、浅基础结构设计、桩基础和深基础、地基处理、基坑工程、特殊土地基等。 | |
| 410 | 0 | @12001 @a“十三五”普通高等教育本科规划教材 |
| 410 | 0 | @12001 @Apu tong gao deng jiao yu " shi yi wu " guo jia ji gui hua jiao cai |
| 606 | 0 | @a基础 (工程)@Aji chu ( gong cheng )@x高等教育@j教材 |
| 690 | @aTU47@v5 | |
| 701 | 0 | @a刘丽萍@Aliu li ping@c(基础工程)@4主编 |
| 701 | 0 | @a翟聚云@Adi ju yun@c(土木工程)@4主编 |
| 801 | 0 | @aCN@b河南城建学院图书馆@c20170904 |
| 905 | @dTU47@eL6441=2@f2 | |
| 基础工程/刘丽萍, 翟聚云主编.-2版.-北京:中国电力出版社,2016.07 |
| 259页:图;26cm.-(“十三五”普通高等教育本科规划教材) |
| 普通高等教育"十一五"国家级规划教材 |
| ISBN 978-7-5123-9211-3:CNY48.00 |
| 本书共7章, 主要内容包括岩土工程勘察、天然地基上的浅基础设计原理、浅基础结构设计、桩基础和深基础、地基处理、基坑工程、特殊土地基等。 |
| ● |
| 相关链接 |
|
|
|
正题名:基础工程
索取号:TU47/L6441=2
 
预约/预借
| 序号 | 登录号 | 条形码 | 馆藏地/架位号 | 状态 | 备注 |
| 1 | 1507409 | 215074096 | 建筑库101/101建筑库 96排4列2层/ [索取号:TU47/L6441=2] | 在馆 |